If this be glory /

Zapisane w:
Opis bibliograficzny
1. autor: Stachow, Hasso G., 1924-
Format: Książka
Język:English
Wydane: Garden City, N.Y. : Doubleday, 1982.
LEADER 00897nam a2200241 a 4500
001 c000065389
003 CARM
005 00000000000000.0
008 810707s1982 nyu 00011 eng
019 1 |a 2057672  |5 LACONCORD2021 
020 |a 0385159749 
035 |a (OCoLC)7614478  |5 LACONCORD2021 
041 1 |a engger 
050 0 0 |a PT2681.T158  |b K5813 
100 1 |a Stachow, Hasso G.,  |d 1924- 
240 1 0 |a Kleine Quast.  |l English 
245 1 0 |a If this be glory /  |c Hasso G. Stachow ; translated from the German Der Kleine Quast by J. Maxwell Brownjohn. 
260 |a Garden City, N.Y. :  |b Doubleday,  |c 1982. 
300 |a 257 p. ;  |c 22 cm. 
852 8 |b CARM  |h A2:AG20B0  |i B03274  |p 0139518  |f BK 
082 0 4 |a 833/.914  |2 19 
999 f f |i 2a02414c-f749-550b-a153-9297f1559311  |s 411e2bd3-d98e-52c7-8c25-aac6d43c6e9e 
952 f f |p Can circulate  |a CAVAL  |b CAVAL  |c CAVAL  |d CARM 1 Store  |e B03274  |f A2:AG20B0  |h Other scheme  |i book  |m 0139518